000 00280nam a2200085 4500
999 _c524669
_d524669
082 _aBA27x54 In2e
245 _aEvaluation of the scheme of the scholarship to the St students for studies abroad : final report
260 _aNew Delhi
_bMinistry of Tribal Affairs
_c2022
300 _a72p.